Formation features of microstructure, elemental and phase compositions of the C-Cr-Mn-V-Fe coatings under conditions of electron beam (EB) Surfacing in vacuum; Materials Physics and Mechanics; Vol. 52, iss. 1
| Parent link: | Materials Physics and Mechanics.— .— Saint-Petersburg: SPbPU Vol. 52, iss. 1.— 2024.— P. 142-149 |
|---|---|
| Autor Principal: | |
| Autor Corporativo: | |
| Outros autores: | , |
| Summary: | Заглавие с экрана The microstructure and interphase distribution of chemical elements in multilayer coatings made of white cast iron in Fe-Cr-V-C system additionally alloyed with manganese and obtained using electron-beam surfacing in vacuum have been investigated. It is shown that in deposited state the surface of Cr-V-Mn cast iron coating is represented by the composite structure of "austenitic manganese containing matrix - carbides V2C, Me7C3 of variable composition" with high abrasive wear resistance (Ki = 9.4) similar to chrome vanadium cast iron coatings with an austenitic-martensitic matrix, but with significantly better abrasive wear resistance compared to cast iron coatings with an austenitic matrix stabilized by nickel. Текстовый файл |
| Idioma: | inglés |
| Publicado: |
2024
|
| Subjects: | |
| Acceso en liña: | http://dx.doi.org/10.18149/MPM.5212024_14 |
| Formato: | MixedMaterials Electrónico Capítulo de libro |
| KOHA link: | https://koha.lib.tpu.ru/cgi-bin/koha/opac-detail.pl?biblionumber=673462 |
MARC
| LEADER | 00000naa0a2200000 4500 | ||
|---|---|---|---|
| 001 | 673462 | ||
| 005 | 20240701144949.0 | ||
| 090 | |a 673462 | ||
| 100 | |a 20240606d2024 k||y0rusy50 ba | ||
| 101 | 0 | |a eng | |
| 102 | |a RU | ||
| 135 | |a drcn ---uucaa | ||
| 181 | 0 | |a i |b e | |
| 182 | 0 | |a b | |
| 183 | 0 | |a cr |2 RDAcarrier | |
| 200 | 1 | |a Formation features of microstructure, elemental and phase compositions of the C-Cr-Mn-V-Fe coatings under conditions of electron beam (EB) Surfacing in vacuum |f N. K. Galchenko, B. V. Dampilon, K. A. Kolesnikova | |
| 203 | |a Текст |c электронный |b визуальный | ||
| 283 | |a online_resource |2 RDAcarrier | ||
| 300 | |a Заглавие с экрана | ||
| 320 | |a References: 20 tit. | ||
| 330 | |a The microstructure and interphase distribution of chemical elements in multilayer coatings made of white cast iron in Fe-Cr-V-C system additionally alloyed with manganese and obtained using electron-beam surfacing in vacuum have been investigated. It is shown that in deposited state the surface of Cr-V-Mn cast iron coating is represented by the composite structure of "austenitic manganese containing matrix - carbides V2C, Me7C3 of variable composition" with high abrasive wear resistance (Ki = 9.4) similar to chrome vanadium cast iron coatings with an austenitic-martensitic matrix, but with significantly better abrasive wear resistance compared to cast iron coatings with an austenitic matrix stabilized by nickel. | ||
| 336 | |a Текстовый файл | ||
| 461 | 1 | |t Materials Physics and Mechanics |c Saint-Petersburg |n SPbPU | |
| 463 | 1 | |t Vol. 52, iss. 1 |v P. 142-149 |d 2024 | |
| 610 | 1 | |a электронный ресурс | |
| 610 | 1 | |a труды учёных ТПУ | |
| 610 | 1 | |a white cast iron | |
| 610 | 1 | |a layered electron beam (EB) surfacing | |
| 610 | 1 | |a microstructure | |
| 610 | 1 | |a carbides | |
| 610 | 1 | |a matrix | |
| 610 | 1 | |a vanadium manganese | |
| 610 | 1 | |a wear resistance | |
| 700 | 1 | |b N. K. |g Nina Konstantinovna |a Galchenko | |
| 701 | 1 | |a Dampilon |b B. V. |g Bair Vyacheslavovich | |
| 701 | 1 | |a Kolesnikova |b K. A. |c Specialist in the field of material science |c Associate Professor of Tomsk Polytechnic University, Candidate of technical sciences |f 1979- |g Ksenia Alexandrovna |9 21968 | |
| 712 | 0 | 2 | |a Национальный исследовательский Томский политехнический университет |c (2009- ) |9 26305 |
| 801 | 0 | |a RU |b 63413507 |c 20240606 |g RCR | |
| 856 | 4 | |u http://dx.doi.org/10.18149/MPM.5212024_14 |z http://dx.doi.org/10.18149/MPM.5212024_14 | |
| 942 | |c CR | ||